Jižní Čechy : městské památkové rezervace a památkové stavby /
| Hlavní autor: | Prošek, Josef, 1923-1992 |
|---|---|
| Další autoři: | Sekal, Josef, 1936-, Mohyla, Otakar, 1923-2003 |
| Jazyk: | Ruština Němčina Francouzština Čeština Angličtina |
| Vydáno: |
Praha : ČTK Presfoto, [1989] |
| Vydání: | 1. vydání |
| Témata: | |
| Fyzický popis: |
2 svazky : barevné ilustrace ; 24 cm |
| Odebírané svazky: |
1-2 |
| Language note: |
Souběžný ruský, německý, anglický a francouzský text |
|
| LEADER | 02103nam a2200505 ia4500 | ||
|---|---|---|---|
| 001 | 001913774 | ||
| 003 | CZ BrMZK | ||
| 005 | 20250306112543.0 | ||
| 007 | ta | ||
| 008 | 241030s1989 xr a g 000 0 cze | ||
| 020 | |q (Listy v obalu) | ||
| 040 | |a BOA001 |b cze |e rda | ||
| 041 | 1 | |a cze |a eng |a fre |a ger |a rus |h cze | |
| 043 | |a e-xr--- |b e-xr-cc |2 czenas | ||
| 072 | 7 | |a 72 |x Architektura |2 Konspekt |9 21 | |
| 080 | |a 72:904 |2 MRF | ||
| 080 | |a 711.4.025.3/.4 |2 MRF | ||
| 080 | |a (437.31-13) |2 MRF | ||
| 080 | |a (084.12) |2 MRF | ||
| 100 | 1 | |a Prošek, Josef, |d 1923-1992 |7 jk01101374 |4 pht | |
| 245 | 1 | 0 | |a Jižní Čechy : |b městské památkové rezervace a památkové stavby / |c foto Josef Prošek ; průvodní slovo Otakar Mohyla |
| 250 | |a 1. vydání | ||
| 264 | 1 | |a Praha : |b ČTK Presfoto, |c [1989] | |
| 300 | |a 2 svazky : |b barevné ilustrace ; |c 24 cm | ||
| 336 | |a text |b txt |2 rdacontent | ||
| 336 | |a statický obraz |b sti |2 rdacontent | ||
| 337 | |a bez média |b n |2 rdamedia | ||
| 338 | |a svazek |b nc |2 rdacarrier | ||
| 505 | 0 | |a 1. 33 listů, to je, 66 stran + 1 brožura -- 2. / foto Josef Sekal. 33 listů, to je, 66 stran + 1 brožura | |
| 546 | |a Souběžný ruský, německý, anglický a francouzský text | ||
| 650 | 0 | 7 | |a architektonické památky |7 ph118585 |z Česko |2 czenas |
| 650 | 0 | 7 | |a městské památkové rezervace |7 ph123105 |z Česko |2 czenas |
| 650 | 0 | 9 | |a architectural monuments |z Czechia |2 eczenas |
| 650 | 0 | 9 | |a urban monument reserves |z Czechia |2 eczenas |
| 651 | 7 | |a Čechy jižní (Česko) |7 ge131648 |2 czenas | |
| 651 | 9 | |a Bohemia, Southern (Czechia) |2 eczenas | |
| 655 | 7 | |a fotografické publikace |7 fd132276 |2 czenas | |
| 655 | 9 | |a photographical works |2 eczenas | |
| 700 | 1 | |a Sekal, Josef, |d 1936- |7 jo20000082702 |4 pht | |
| 700 | 1 | |a Mohyla, Otakar, |d 1923-2003 |7 jk01081956 |4 wfw | |
| 910 | |a BOA001 |b 2-1533.747 |s 1-2 | ||
| 990 | |a BK | ||
| 991 | |b 202503 | ||
| 996 | 6 | |b 2610984376 |c 2-1533.747 |d 1 |v 1 |l MZK |r Sklad / do 1 hodiny |n 0 |p dar |w 001982693 |u 000010 |a 1 |e BOA001 |j MZK50 |s P | |
| 996 | 6 | |b 2610984377 |c 2-1533.747 |d 2 |v 2 |l MZK |r Sklad / do 1 hodiny |n 0 |p dar |w 001982693 |u 000020 |a 1 |e BOA001 |j MZK50 |s P | |
English
Čeština 